| 000 | 00216 a2200097 4500 | ||
|---|---|---|---|
| 999 |
_c322717 _d322717 |
||
| 001 | 87644 | ||
| 003 | NUST | ||
| 005 | 20180124124609.0 | ||
| 008 | 180124b xxu||||| |||| 00| 0 eng d | ||
| 082 | _aN-4001 | ||
| 100 |
_aSaqib Malik _99702 |
||
| 245 |
_aSaanwal Tum Sangeet _hurdu |
||
| 260 | _bModern Book Depot | ||
| 942 |
_aCAE NUST _cBK _kN-4001 _2ddc |
||